Responses for Show #6868 - Wednesday, June 25, 2014

Contestants

[<< previous game]

Alana Norton, a furniture store manager from Woodbury, Minnesota

Jesse Yu, a math student from Staten Island, New York

Jennifer Blanton, an attorney from San Diego, California (whose 1-day cash winnings total $29,601)

[next game >>]

Jeopardy! Round responses

INTERNET SLANG
MOVIES' 2 MALE LEADS
CHURCHES & CATHEDRALS
POLITICAL PARTIES
"HERM"-ETICALLY
SEALED
    $200 2
oh my God

Jennifer
    $200 1
(Walter) Matthau & (Jack) Lemmon

Alana
    $200 3
St. Peter's

Alana
    $200 8
Clinton

Alana
    $200 9
Herman

Jennifer
    $200 17
sealing wax

Alana
    $400 4
a troll

Jesse
    $400 24
Owen Wilson & Vince Vaughn

Jennifer
    $400 10
Notre Dame

Jesse
    $400 11
Reagan

Alana
    $400 16
Hermès

Jesse
    $400 18
[Alex said "sea" instead of "seal".]

Antarctica

Jennifer
    $600 5
rendezvous

Alana
    $600 25
Heath Ledger & Jake Gyllenhaal

Alana
    $600 15
a megachurch

Alana
    $600 12
Jimmy Carter

Alana
    $600 21
a hermit crab

Alana
    $600 28
a signet

Alana
    $800 6
link

Jesse
    $800 26
(Jesse: Who are, uh -- who are...Gerard Butler & --)
(Alex: No.)

Channing Tatum & Jamie Foxx

JenniferJesse
    $1,800 19
(Jennifer: What is...Tallahassee?)

Santa Fe

Jennifer
    $800 13
Nixon

Jesse
    $800 22
The Hermitage

Alana
    $800 29
sea, land & air

Jesse
    $1000 7
an obsessive fan (or stalker fan)

Jesse
    $1000 27
Steve Martin & Michael Caine

Jennifer
    $1000 20
the Hagia Sophia

Jennifer
    $1000 14
Arnold Schwarzenegger

Jennifer
    $1000 23
a hermaphrodite

Jennifer
    $1000 30
(Jesse: What is Treasury Secretary?)

Secretary of State

Jesse
Triple Stumper

Scores at the first commercial break (after clue 15):

Jennifer Jesse Alana
$1,400 $3,400 $2,800

Scores at the end of the Jeopardy! Round:

Jennifer Jesse Alana
$4,200 $2,800 $5,600

Double Jeopardy! Round responses

SUMMER READING?
NAME-CHECKING SONGS
SCIENCE
ASIAN CITIES
5-LETTER WORDS
CHESHIRE CATS
    $400 15
Russia

Jesse
    $400 2
Bruce Willis

Alana
    $400 9
chalk

Alana
    $400 1
(Jennifer: What...is...[sighs])
(Jesse: What is Bangladesh?)

Pakistan

JenniferJesseAlana
    $400 18
a gavel

Jennifer
    $400 23
Lewis Carroll

Jennifer
    $800 17
(Victor) Hugo

Alana
    $800 3
Muhammad Ali

Alana
    $800 10
melting point

Alana
    $3,600 5
Shanghai

Jesse
    $800 19
a gourd

Jesse
    $800 24
cricket

Jennifer
    $600 22
Born on the Fourth of July

Jennifer
    $1200 4
Flo-Jo

Jesse
    $1200 11
the munchies

Jennifer
    $1200 6
(Jesse: What is Mumbai?)
(Alana: What is New Delhi?)

Calcutta

JesseAlana
Triple Stumper
    $1200 20
a biped

Jennifer
    $1200 25
the Distinguished Service Cross

Jesse
    $1600 27
Light in August

Triple Stumper
    $1600 14
Buddy Holly

Jennifer
    $1600 12
gamma radiation

Jesse
    $1600 7
(Jennifer: What is Hanoi?)
(Jesse: What is Haiphong?)

Da Nang

JenniferJesse
Triple Stumper
    $1600 21
waive

Triple Stumper
    $1600 29
a neutron

Jesse
    $2000 28
German Soldier

Jennifer
    $2000 16
Brigitte Bardot

Jennifer
    $2000 13
ammonia

Jesse
    $2000 8
(Jesse: What is Aden?)

Sana'a

Jesse
Triple Stumper
    $2000 26
(Jesse: What's a genius?)

alien

Jesse
Triple Stumper
    $2000 30
(Jesse: What is the gallbladder?)

the kidney

Jesse
Triple Stumper

Scores at the end of the Double Jeopardy! Round:

Jennifer Jesse Alana
$12,400 $6,000 $8,000

[wagering suggestions for these scores]

Final Jeopardy! Round responses

WORLD LEADERS
JesseWhat is Thailand?
$6,000
AlanaWhat is Denmark?
$5,000
JenniferWhat is Sweden?
$3,601
Saudi Arabia

Final scores:

Jennifer Jesse Alana
$8,799 $0 $3,000
2-day champion: $38,400 3rd place: $1,000 2nd place: $2,000

Game dynamics:

Coryat scores:

Jennifer Jesse Alana
$14,800 $3,200 $8,000
18 R
(including 1 DD),
3 W
(including 1 DD)
15 R
(including 1 DD),
8 W
18 R,
1 W

Combined Coryat: $26,000

[game clues] [game scores] [suggest correction]

Game tape date: 2014-03-11
The J! Archive is created by fans, for fans. Scraping, republication, monetization, and malicious use prohibited; this site may use cookies and collect identifying information. See terms. The Jeopardy! game show and all elements thereof, including but not limited to copyright and trademark thereto, are the property of Jeopardy Productions, Inc. and are protected under law. This website is not affiliated with, sponsored by, or operated by Jeopardy Productions, Inc. Join the discussion at JBoard.tv.